EUROPEAN JOURNAL OF INTERCULTURAL STUDIES (Record no. 60173)
[ view plain ]
| 000 -CABECERA | |
|---|---|
| campo de control de longitud fija | 00418nam a2200157 a 4500 |
| 003 - IDENTIFICADOR DEL NÚMERO DE CONTROL | |
| campo de control | DLC |
| 005 - FECHA Y HORA DE LA ÚLTIMA TRANSACCIÓN | |
| campo de control | 20210219152750.0 |
| 022 ## - NÚMERO INTERNACIONAL NORMALIZADO PARA PUBLICACIONES SERIADAS | |
| Número Internacional Normalizado para Publicaciones Seriadas | 0952-391 X |
| 035 ## - NÚMERO DE CONTROL DEL SISTEMA | |
| Número de control de sistema | UPN01000060383 |
| 245 00 - MENCIÓN DE TÍTULO | |
| Título | EUROPEAN JOURNAL OF INTERCULTURAL STUDIES |
| 260 ## - PUBLICACIÓN, DISTRIBUCIÓN, ETC. | |
| Lugar de publicación, distribución, etc. | Inglaterra : |
| Nombre del editor, distribuidor, etc. | International Association of Intercultural Education |
| 310 ## - FRECUENCIA ACTUAL DE LA PUBLICACION | |
| Periodicidad actual | Tres veces al año |
| 653 0# - TERMINO DE INDIZACION - NO CONTROLADO | |
| Término no controlado | INTERCULTURALIDAD |
| 905 ## - TIPO DE MATERIAL | |
| Tipo de material | Revista |
| Estado de retiro | Estado de pérdida | Fuente del sistema de clasificación o colocación | Estado dañado | No para préstamo | Código de colección | Localización permanente | Ubicación/localización actual | Ubicación en estantería | Enumeración/cronología de publicación seriada | Total de préstamos | Código de barras | Fecha visto por última vez | Número de copia | Tipo de ítem Koha |
|---|---|---|---|---|---|---|---|---|---|---|---|---|---|---|
| Library of Congress Classification | Disponible (Préstamo en sala) | Revistas | Bib. Gregorio Torres Quintero | Bib. Gregorio Torres Quintero | Hemeroteca Sótano | v. 3, no. 1 (1992) | 6038310 | 31/12/2020 | 1 | Revista Impresa |
